00486nam a2200157Ia 450000500170000000800410001708200130005810000140007124500230008526000480010830000130015650000390016994200060020895200990021499900150031320250316163048.0240331s9999 xx 000 0 und d bKAMa894 aKamaal, T 0aOliy paravugirathu aColombobVasantham ( Private) Limitedc1995 a184 p ., aA book Based Palina Muslim Makkal cL 001040708LaWERCLbWERCLcSSCd2024-03-31l0o 894.811 KAMp5385r2024-03-31w2024-03-31yL c4013d4013